[Event "ACS Fall Congress"]
[Site "?"]
[Date "1973.10.13"]
[Round "7"]
[White "Beard, W."]
[Black "Bailey, B."]
[Result "0-1"]
[WhiteElo "1553"]
[BlackElo "2056"]
[Annotator "Stockfish 14 (15s)"]
[PlyCount "84"]
[EventDate "1973.??.??"]

{D02: 1 d4 d5 2 Nf3 sidelines, including 2...Nf6 3 g3 and 2...Nf6 3 Bf4} 1. d4
d5 2. Nf3 Nf6 3. g3 e6 4. Bg2 c5 5. c3 b6 (5... Be7 6. O-O O-O 7. Nbd2 cxd4 8.
cxd4 {1/2-1/2 (8) Sygulski,A (2425)-Kindermann,S (2490) Naleczow 1984}) 6. Bg5
Be7 (6... h6 7. Bxf6 Qxf6 8. Nbd2 Qd8 9. Ne5 a6 10. O-O Ra7 11. e3 Bd6 12. Qh5
O-O 13. dxc5 bxc5 14. c4 Bb7 15. cxd5 Bxd5 16. Nec4 Be7 17. Rfd1 Bxg2 18. Kxg2
Qd5+ 19. Qf3 Nc6 20. b3 Qxf3+ 21. Nxf3 {
Grove,U (1723)-Diz Suarez,C (1676) Hamburg 2005 1/2-1/2 (37)}) 7. O-O O-O 8. e3
$146 (8. Nbd2 Nbd7 9. Re1 Bb7 10. Qb3 Ne4 11. Nxe4 dxe4 12. Bxe7 Qxe7 13. Nd2
f5 14. e3 Nf6 15. f3 exf3 16. Bxf3 Bxf3 17. Nxf3 Ne4 18. Re2 Rf6 19. Nd2 Nxd2
20. Rxd2 Rd8 21. Rad1 Qf7 22. dxc5 Rxd2 {Hoffmann,G-Liebeskind,R Kleve 1999 1-0
}) (8. b3 Bb7 9. Re1 Nbd7 10. Nbd2 h6 11. Bxf6 Bxf6 12. Qc2 cxd4 13. cxd4 Rc8
14. Qb2 Qe7 15. b4 Rc7 16. Rac1 Rfc8 17. a3 e5 18. Nb3 e4 19. Nfd2 e3 20. Nf3
exf2+ 21. Kxf2 Nf8 22. e3 Ne6 {Salimu,S-Okoth,J Luzern 1982 0-1 (79)}) (8. c4
Bb7 (8... dxc4 $4 9. Bxf6 Bxf6 10. Ne1 $18) 9. cxd5 Nxd5 10. Bxe7 Qxe7 11. dxc5
Qxc5 $11) 8... Nbd7 $15 9. b4 $2 (9. Ne5 h6 10. Nc6 Qe8 11. Nxe7+ Qxe7 12. Bxf6
Nxf6 $15) 9... a5 $4 (9... Ba6 10. Re1 cxb4 11. Bxf6 Nxf6 $19 (11... gxf6 $143
12. cxb4 Bxb4 13. Nbd2 $17) (11... Bxf6 $6 12. cxb4 Be7 13. a3 $15)) 10. b5 $15
h6 11. Bxf6 Bxf6 (11... gxf6 $143 12. c4 dxc4 13. dxc5 Bxc5 14. Nd4 Bxd4 15.
Qg4+ Kh7 16. Qxd4 $16 (16. exd4 $6 f5 17. Qe2 Rb8 $11)) (11... Nxf6 $6 12. Ne5
$11) 12. a4 (12. c4 Bb7 13. cxd5 Bxd5 $15) 12... Bb7 $17 13. Re1 e5 (13... Qe7
$142 $5 $17) 14. dxe5 Nxe5 (14... Bxe5 $142 $5 15. Nxe5 Nxe5 $11) 15. Nxe5 $16
Bxe5 16. e4 $4 (16. Ra2 $142 c4 17. e4 dxe4 18. Rd2 $16) 16... dxe4 $19 17.
Qxd8 (17. Ra2 f5 18. Rd2 Qe8 $19) 17... Raxd8 (17... Rfxd8 $143 18. Ra2 f5 19.
Bh3 $19) 18. Bxe4 (18. Rc1 f5 19. Na3 $19) 18... Bxe4 19. Rxe4 Rd1+ 20. Kg2
Bxc3 $1 21. Nxc3 (21. Ra3 Bb2 (21... Rxb1 $6 22. Rxc3 Rd1 23. Re7 $15) 22. Rb3
Rxb1 $19) 21... Rxa1 22. Nd5 Rb8 23. Ne7+ (23. Kf3 Rd1 24. Ne3 Rd2 $19) 23...
Kf8 24. Nc6 (24. Nf5 Re8 25. Rc4 Rd8 $19) 24... Re8 25. Ne5 (25. Rf4 g5 26. Rc4
Ra2 $19) 25... Rxe5 $1 26. Rxe5 Rxa4 27. Rd5 Rb4 (27... Rd4 28. Re5 Rb4 29. Re1
$19) 28. Rd2 (28. Rd8+ Ke7 29. Ra8 Rxb5 $19) 28... Rxb5 29. Kf1 (29. Ra2 Ke7
$19) 29... a4 30. Ke2 a3 31. Kd1 (31. Kd3 Rb4 32. Kc3 b5 $19) 31... Ra5 32. Ra2
b5 33. Kc2 b4 34. Kb3 Rb5 (34... Ke7 $142 $5 35. Rd2 Rb5 36. Ra2 $19) 35. Rc2
Ke7 36. Re2+ Kd6 37. Rd2+ Kc6 38. h3 Ra5 39. Re2 a2 40. Rxa2 Rxa2 41. Kxa2 c4
42. Kb2 Kd5 (42... Kd5 43. f3 Kd4 $19) 0-1

[Event "Boeing Experts"]
[Site "?"]
[Date "1973.10.23"]
[Round "1"]
[White "Tusnadi, E."]
[Black "Bailey, B."]
[Result "0-1"]
[WhiteElo "1884"]
[BlackElo "1985"]
[Annotator "Stockfish 13 (15s)"]
[PlyCount "62"]
[EventDate "1973.??.??"]

{A18: English Opening: Flohr-Mikenas System (1 c4 Nf6 2 Nc3 e6 3 e4)} 1. c4 Nf6
2. Nc3 e6 3. e4 d5 4. e5 Nfd7 5. d4 c5 6. cxd5 cxd4 7. dxe6 Nxe5 8. exf7+ Nxf7
9. Ne4 Nc6 $146 (9... Bf5 10. Ng3 Bg6 11. Bd3 Bb4+ 12. Kf1 Bxd3+ 13. Qxd3 O-O
14. Nf3 Nc6 15. Bf4 Bc5 16. a3 Bb6 17. h3 Qd5 18. Kg1 Nfe5 19. Bxe5 Nxe5 20.
Nxe5 Qxe5 21. Ne4 Rf4 22. f3 Raf8 23. Rf1 Qf5 24. h4 {
Tomaszewski,R-Jagodzinski,W (1910) Bydgoszcz 1978 1-0 (40)}) 10. a3 $2 (10. Nf3
Bb4+ 11. Bd2 O-O $17) 10... Be7 (10... Bf5 11. Bd3 Nfe5 12. Nf3 Nxd3+ 13. Qxd3
$19) 11. Bd3 $2 (11. Nf3 O-O 12. Bd3 Bg4 $17) 11... O-O $4 (11... Nfe5 12. Nf3
Bg4 13. O-O $19) 12. Qc2 $4 (12. Ne2 $142 Nfe5 13. O-O $17) 12... Nfe5 (12...
Nce5 $142 13. Ne2 Be6 $19) 13. f4 $4 (13. Ne2 $19) 13... Nxd3+ 14. Qxd3 Bf5 15.
Qb3+ Kh8 16. Ng3 Bh4 {Black prepares d3} 17. Nf3 Re8+ 18. Kf2 Bxg3+ (18... d3
19. Re1 Rxe1 20. Kxe1 $19) 19. Kxg3 $4 (19. hxg3 $142 $5 d3 20. Be3 $17) 19...
d3 (19... Qf6 $142 20. Qd1 Na5 $19) 20. Bd2 Nd4 (20... Re6 21. Bc3 Rg6+ 22. Kf2
$19) 21. Nxd4 Qxd4 22. Rae1 Rad8 $4 (22... Be4 $142 $5 $19) 23. Qc3 (23. Qb4 $5
Re2 24. Qxd4 Rxd4 25. Be3 Rxe1 26. Rxe1 $11) 23... Qb6 24. Re5 $4 (24. h3 $142
$17) 24... Qg6+ $19 25. Kf2 Be4 (25... Rxe5 $142 26. Qxe5 Re8 27. Qxe8+ Qxe8
$19) 26. Rg5 $15 Qb6+ 27. Be3 Qf6 (27... Qh6 $142 28. Re1 Bg6 $15) 28. Re5 $4 (
28. Re1 $142 $11) 28... Qh4+ $19 29. g3 Qg4 30. Rxe8+ Rxe8 31. Qxg7+ (31. Qd2
Qf3+ 32. Ke1 Bd5 33. Qxd3 Rxe3+ 34. Qxe3 Qxe3+ 35. Kf1 Bf3 36. b3 Qe2+ 37. Kg1
Qg2#) 31... Kxg7 (31... Kxg7 32. Kg1 Qd1+ 33. Kf2 Qf3+ 34. Ke1 Qe2#) 0-1

[Event "Boeing Experts"]
[Site "?"]
[Date "1973.10.31"]
[Round "2"]
[White "Clark, A."]
[Black "Bailey, B."]
[Result "0-1"]
[WhiteElo "2059"]
[BlackElo "1985"]
[Annotator "Stockfish 13 (15s)"]
[PlyCount "50"]
[EventDate "1973.??.??"]

{A17: English Opening: 1...Nf6 with ...Bb4} 1. c4 Nf6 2. Nc3 e6 3. g3 d5 4. Bg2
Be7 5. d4 c6 (5... O-O 6. cxd5 exd5 7. Qc2 Nc6 8. Nf3 Bg4 9. e3 Nb4 10. Qd1 Ne4
11. a3 Na6 12. Qb3 Nxc3 13. bxc3 Rb8 14. O-O c5 15. Ne5 Be6 16. a4 c4 17. Qc2
f6 18. Nf3 Qd7 19. Ba3 Bxa3 20. Rxa3 {
Walker,S (2220)-Mannion,S (2260) London 1986 0-1 (43)}) 6. b3 $146 (6. Bg5 h6
7. Bxf6 Bxf6 8. e3 a6 9. cxd5 exd5 10. Nge2 Be6 11. O-O O-O 12. Na4 Nd7 13. Rc1
Rc8 14. Nf4 b5 15. Nc3 Nb6 16. Nd3 Be7 17. Ne2 Bd6 18. Rc2 Bf5 19. b3 Ba3 20.
Qd2 Qd6 {Miranda,V-Goerens,J Schilde 1971 1-0 (35)}) (6. Nf3 Nbd7 7. cxd5 exd5
8. O-O Bd6 9. a3 a5 10. Qc2 O-O 11. Rb1 Re8 12. b4 axb4 13. axb4 Nb6 14. b5 Nc4
15. Nd2 Nxd2 16. Bxd2 h6 17. e3 Bd7 18. bxc6 bxc6 19. Na4 Rb8 20. Nc5 Bxc5 {
Polishchuk,O (2324)-Banaszkiewicz,M (1986) Krakow 2006 1-0}) (6. Nf3 O-O $14)
6... Nbd7 7. Bb2 O-O 8. e3 (8. Nf3 b5 9. c5 b4 $11) 8... b6 (8... b5 $5 9. cxb5
cxb5 10. Nxb5 Ba6 $11) 9. Nf3 $11 Ba6 (9... a5 10. O-O $11) 10. Nd2 Rc8 11. f4
(11. O-O c5 12. Rc1 $11 (12. cxd5 $143 cxd4 13. exd4 Bb4 14. dxe6 Bxc3 (14...
Rxc3 $143 15. exf7+ (15. exd7 $2 Rd3 16. Qe2 Rxd2 17. Qxa6 Rxb2 $19) 15... Rxf7
16. a3 Bxf1 17. Bxf1 $16) 15. exd7 Qxd7 16. Bxc3 Bxf1 17. Nxf1 Rxc3 $17)) 11...
dxc4 (11... c5 12. O-O cxd4 13. exd4 dxc4 14. bxc4 Bxc4 15. Nxc4 Rxc4 16. Kh1
$17) 12. bxc4 c5 13. d5 (13. Qb3 cxd4 14. exd4 Nb8 $17) 13... exd5 14. cxd5 $2
(14. Bxd5 $142 $5 Nxd5 15. Nxd5 $19) 14... b5 $19 15. O-O (15. a4 b4 16. Nb5
Bxb5 17. axb5 $19) 15... b4 16. Ne2 (16. Nce4 Bxf1 17. Qxf1 Nxd5 $19) 16... c4
(16... Ng4 17. Rf3 Ndf6 18. h3 Qxd5 19. a3 $19) 17. Bd4 Bc5 18. Re1 Re8 19. Qa4
(19. Qc2 Rxe3 20. Bxe3 Bxe3+ 21. Kh1 $19) 19... Qb6 20. Rab1 (20. Nf1 Bxd4 21.
Nxd4 Nc5 $19) 20... Rxe3 21. Nxc4 (21. Nf3 Rxf3 $1 22. Bxf3 Bxd4+ 23. Kg2 Bc5
$19) 21... Bxc4 22. Bxe3 Bxe3+ 23. Kh1 Bd2 24. Red1 Ng4 (24... Bd3 $142 25.
Rxd2 Bxb1 26. Rb2 $19) 25. Bf3 (25. Rxd2 Nf2+ 26. Kg1 Nd3+ 27. Kh1 $19) 25...
Qf2 (25... Qf2 26. Bg2 Bxd5 27. Rg1 Qxe2 28. h3 Ndf6 29. Qxa7 Be3 30. Qe7 Ne4
31. hxg4 Qxg4 32. a3 Qh5+ 33. Qh4 Qxh4+ 34. gxh4 Nf2+ 35. Kh2 Bxf4#) 0-1

[Event "Boeing Experts"]
[Site "?"]
[Date "1973.11.05"]
[Round "3"]
[White "Bailey, B."]
[Black "Davenport, F."]
[Result "1-0"]
[WhiteElo "1985"]
[BlackElo "1824"]
[Annotator "Stockfish 13 (15s)"]
[PlyCount "39"]
[EventDate "1973.??.??"]

{C87: Closed Ruy Lopez: Steinitz-type lines after 6 Re1 d6} 1. e4 e5 2. Nf3 Nc6
3. Bb5 a6 4. Ba4 Nf6 5. O-O d6 6. Re1 Be7 7. c3 O-O 8. h3 Re8 (8... Nd7 9. Bc2
Nb6 10. a4 a5 11. d3 d5 12. exd5 Qxd5 13. Na3 Bxa3 14. Rxa3 Qd6 15. Qe2 Bf5 16.
Ra1 Rad8 17. Nxe5 Nxe5 18. Qxe5 Qxe5 19. Rxe5 Bxd3 20. Bxd3 Rxd3 21. Be3 {
1/2-1/2 (21) Pilnik,H-Smyslov,V (2620) Munich 1958}) 9. d4 (9. d3 h6 10. Nbd2
Bf8 11. Nf1 Bd7 12. g4 Nh7 13. Ng3 g6 14. Kh2 Ng5 15. Ng1 Ne6 16. Be3 Nf4 17.
N1e2 Nxe2 18. Qxe2 Qh4 19. Rg1 h5 20. Nf5 Qf6 21. gxh5 Kh7 22. Bg5 Qh8 23.
hxg6+ fxg6 {Franco Valencia,A (2076)-Kizova,A (2011) Turin 2006 1-0 (31)}) 9...
b5 10. Bc2 Bf8 $146 (10... Bb7 11. Nbd2 Bf8 12. b3 (12. Nf1 exd4 13. cxd4 Nb4
14. Ng3 c5 15. Bg5 h6 16. Bd2 Nxc2 17. Qxc2 c4 18. d5 Nd7 19. Nf5 Nc5 20. Re3
g6 21. N3d4 gxf5 22. Nxf5 Nd3 23. Rg3+ Kh7 24. Qd1 Ne5 25. Qh5 Qf6 26. Bf4 Bc8
{Fournier,C (1710)-Monso,O (1700) France 1997 1-0 (83)}) 12... d5 13. dxe5 Nxe5
14. Nxe5 Rxe5 15. f4 Bc5+ 16. Kh1 Rh5 17. e5 d4 18. Ne4 Qd7 19. Nxf6+ {
1-0 (19) Glud,J (2176)-Andersen,P (2213) Horsens 2003}) 11. Nbd2 h6 (11... Bb7
12. a3 $14) 12. Nf1 $16 Ne7 $2 (12... a5 $142 $16) 13. dxe5 $18 dxe5 14. Qxd8
Rxd8 15. Nxe5 Bb7 $4 (15... Be6 $18) 16. Bb3 Bxe4 (16... Kh7 17. Nxf7 Re8 18.
Bc2 $18) 17. Nxf7 Bd5 (17... Rd5 18. Ne5 c5 19. Bxd5+ Nexd5 20. a4 $18) 18.
Nxd8 Rxd8 19. Bxd5+ (19. Bf4 Bxb3 20. axb3 Ned5 $18) 19... Nexd5 20. Ne3 1-0

[Event "Boeing Experts"]
[Site "?"]
[Date "1973.11.18"]
[Round "4"]
[White "Bailey, B."]
[Black "Murray, M."]
[Result "1/2-1/2"]
[WhiteElo "1985"]
[BlackElo "2090"]
[Annotator "Stockfish 13 (15s)"]
[PlyCount "114"]
[EventDate "1973.??.??"]

{B15: Caro-Kann: 3 Nc3: 3...g6 and 3...dxe4 4 Nxe4 Nf6 5 Nxf6+ exf6} 1. e4 c6
2. d4 d5 3. Nc3 g6 4. Nf3 Bg7 5. Be3 Bg4 6. Be2 dxe4 7. Nxe4 Nh6 8. c3 Nf5 9.
Bf4 Nd7 10. h3 Bxf3 11. Bxf3 Nh4 $146 (11... O-O 12. O-O e5 13. dxe5 Nxe5 14.
Bxe5 (14. Bg5 f6 15. Bf4 Nxf3+ 16. Qxf3 Re8 {
1/2-1/2 (16) Mithrakanth,P (2335)-Ravisekhar,R (2400) Calcutta 1992}) 14...
Bxe5 15. Qxd8 Raxd8 16. g3 Nd6 17. Nxd6 Rxd6 18. Rad1 Rfd8 19. Rxd6 Rxd6 20.
Rd1 {1/2-1/2 (20) Schmeing,W (2080)-Freckmann,M (2120) Germany 1989}) (11... e5
12. Bg5 f6 13. Bd2 exd4 14. Bg4 $14) 12. O-O $16 Qa5 (12... Nxf3+ 13. Qxf3 O-O
14. Rfe1 $14) 13. Re1 (13. Bg4 f5 14. Bg3 Nxg2 15. Kxg2 Qd5 $16) 13... O-O $2 (
13... Nxf3+ 14. Qxf3 (14. gxf3 $6 O-O $11) 14... O-O 15. a4 $14) 14. Nd2 (14.
Bg4 Nf6 15. Bg5 Nxg2 16. Kxg2 Nxe4 17. Bxe7 Nf6 18. Bxf8 Bxf8 $18) 14... Rfe8 (
14... Nxf3+ $142 $5 15. Nxf3 Rfe8 $14) 15. Be4 $16 Nf6 16. Nc4 Qd8 17. Bc2 $4 (
17. Bd3 $142 $16) 17... Nxg2 $17 18. Kxg2 Qd5+ 19. Kg1 (19. Qf3 $142 $5 Qxc4
20. Bb3 $17) 19... Qxc4 $19 20. Bb3 Qa6 (20... Qb5 21. Be5 $19) 21. Qf3 Rac8 (
21... e6 22. Rad1 $19) 22. Re2 c5 (22... e6 $5 23. Rae1 $17) 23. dxc5 Rxc5 24.
Rae1 (24. Re5 Rxe5 25. Bxe5 b6 $17) 24... e6 25. Rd2 Nh5 26. Be3 Rf5 27. Qd1 (
27. Qe4 $142 $5 Nf6 28. Qa4 Qxa4 29. Bxa4 $17) 27... Nf4 $19 28. Bxf4 Rxf4 29.
Rd7 Qb5 30. Qd2 $2 (30. Re3 $19) 30... Bh6 (30... Qg5+ $142 $5 31. Kf1 Qg3 32.
Bd5 Qxh3+ 33. Bg2 $19) 31. Qd3 Qxd3 (31... Qg5+ $142 32. Qg3 Qf6 $19) 32. Rxd3
Re7 33. Red1 Kg7 34. Rd7 Kf6 35. Rd8 (35. Kg2 Re4 36. Kf3 Rh4 $19) 35... Bg5
36. Kg2 Bh4 (36... Re4 37. Kf3 Rf4+ 38. Kg2 $19) 37. f3 (37. R1d4 $5 Bg5 38.
R4d7 $17) 37... h5 (37... Bg5 38. Kf2 $19) 38. Bc2 Kg7 (38... Rc7 $142 39. R8d4
Bg5 $19) 39. R8d7 $17 Kf6 (39... Kf8 40. Rd8+ Re8 41. Rxe8+ Kxe8 42. Be4 $15)
40. Be4 $15 b6 41. b3 (41. a4 $5 $15) 41... g5 42. Bc6 Rxd7 43. Rxd7 Be1 44. c4
(44. Rxa7 $5 Bxc3 45. a4 $17) 44... a5 $19 45. Rb7 Bb4 46. Rxb6 (46. Be8 Be7
$19) 46... Rd4 47. Rb5 (47. Rb7 Rd2+ 48. Kf1 $19) 47... Rd2+ 48. Kg1 (48. Kf1
Rxa2 49. h4 Ra1+ 50. Kg2 gxh4 51. Rxh5 Rb1 $19) 48... Rxa2 49. h4 (49. Rb7 h4
50. Be8 Ke5 51. Rxf7 Bc5+ 52. Kh1 Ra3 $19) 49... gxh4 50. Rxh5 Be1 51. Ba4 (51.
c5 Rb2 $19) 51... Kg6 52. Re5 (52. Rh8 Bf2+ 53. Kf1 Bg3 $19) 52... Bc3 (52...
Bf2+ $142 53. Kh1 Bg3 $19) 53. Re4 h3 (53... Ra1+ $142 $5 54. Kg2 Be1 55. c5
Ra2+ 56. Kh1 $19) 54. Rh4 Ra1+ 55. Kh2 Be5+ 56. f4 Ra2+ $4 (56... Bd6 $142 57.
Be8 Kf5 58. Rxh3 Bxf4+ (58... Kxf4 $6 59. Kg2 $17) 59. Kg2 Kg4 $19) 57. Kxh3
$15 Bd6 1/2-1/2

[Event "Boeing Experts"]
[Site "?"]
[Date "1973.11.28"]
[Round "5"]
[White "LeCompte, G."]
[Black "Bailey, B."]
[Result "1/2-1/2"]
[WhiteElo "2014"]
[BlackElo "1985"]
[Annotator "Stockfish 13 (15s)"]
[PlyCount "40"]
[EventDate "1973.??.??"]

{D36: Queen's Gambit Declined: Exchange Variation: Main line (5 Bg5 c6 6 Qc2)} 
1. d4 d5 2. c4 e6 3. Nc3 Nf6 4. Bg5 Nbd7 5. e3 c6 6. cxd5 exd5 7. Bd3 Be7 8.
Qc2 h6 9. Bh4 O-O 10. Nf3 Ne8 11. Bxe7 Qxe7 12. O-O Nd6 13. Nd2 (13. b4 a6 14.
a4 f5 15. b5 axb5 16. axb5 Rxa1 17. Rxa1 Ne4 18. bxc6 bxc6 19. Ne2 Qd6 20. Rc1
Bb7 21. Ne1 g6 22. f4 Rc8 23. Nf3 c5 24. Qb3 Bc6 25. Bxe4 fxe4 26. Ne5 c4 27.
Qd1 Rb8 {Moehring,G (2385)-Drtina,M Trnava 1985 1/2-1/2 (36)}) (13. Rab1 f5 14.
Rfe1 g5 15. g3 Qf6 {
1/2-1/2 (15) Marquardt,B (1812)-Dieckmann,D (1989) Solingen 2005}) 13... Nf6
14. Rab1 $146 (14. b4 Be6 15. Na4 Qd7 16. Nc5 Qc8 17. Rfc1 Rb8 18. a4 a6 19.
Rab1 Bf5 20. Bxf5 Qxf5 21. Qxf5 Nxf5 22. b5 axb5 23. axb5 cxb5 24. Rxb5 Rfc8
25. Rcb1 Nd6 26. Rb6 Rd8 27. Nxb7 Nxb7 28. Rxb7 Rxb7 {
Janevska,A (2020)-Jamal,J Istanbul 2000 1-0 (44)}) 14... Re8 15. b4 (15. Rbe1
a5 $11) 15... b5 (15... Be6 16. a4 $11) 16. a4 a6 17. axb5 (17. Ra1 $5 Be6 18.
Nb3 $11) 17... axb5 $15 18. Nb3 (18. Rfe1 Be6 $15) 18... Nc4 $17 19. Bxc4 bxc4
(19... dxc4 20. Nc5 $17) 20. Nc5 $15 Ba6 1/2-1/2

[Event "Boeing Experts"]
[Site "?"]
[Date "1973.12.04"]
[Round "6"]
[White "Connelly, F."]
[Black "Bailey, B."]
[Result "0-1"]
[WhiteElo "1642"]
[BlackElo "1985"]
[Annotator "Stockfish 13 (15s)"]
[PlyCount "34"]
[EventDate "1973.??.??"]

{A17: English Opening: 1...Nf6 with ...Bb4} 1. c4 Nf6 2. Nc3 e6 3. g3 d5 4.
cxd5 exd5 5. Bg2 Be7 6. e3 c6 $146 (6... O-O 7. Nge2 Bg4 (7... c6 8. d4 (8. O-O
Bf5 (8... Nbd7 9. d4 Nb6 10. b3 Bg4 11. f3 Bd7 12. a4 a5 13. Qc2 Qc8 14. Nf4
Re8 15. Qf2 Bd6 16. e4 Bxf4 17. Bxf4 Bh3 18. Bg5 Bxg2 19. Kxg2 Re6 20. Ne2 h6
21. Bxf6 Rxf6 22. e5 Re6 23. Nf4 {
Decrouppe,J-Martini,M Heimbach Weis 2002 0-1 (68)}) 9. Qb3 Qc7 10. Nd4 Bd3 11.
Nxd5 Nxd5 12. Qxd3 Nb4 13. Qb3 N4a6 14. Nf5 Bf6 15. d4 Nd7 16. e4 Rfe8 17. Bf4
Qb6 18. Qxb6 Nxb6 19. Nd6 Red8 20. e5 Be7 21. Nf5 Bf8 22. Rad1 Nb4 {
Lamorelle,C (1660)-Marx,L (1900) Le Grand Bornand 2003 1/2-1/2 (35)}) 8... Bf5
9. O-O Na6 10. a3 Re8 11. b3 Bf8 12. Bb2 Ne4 13. Qe1 Nc7 14. Rc1 Nxc3 15. Nxc3
Bd3 16. Na4 Bxf1 17. Bxf1 Ne6 18. b4 Ng5 19. Bg2 Ne4 20. Ba1 a5 21. Bxe4 dxe4
22. Nc5 {Herce,G-Mellano,S (2300) San Fernando 1993 0-1 (35)}) 8. h3 Be6 9. O-O
Nbd7 10. Nd4 c5 11. Nxe6 fxe6 12. d4 c4 13. Re1 Rb8 14. e4 dxe4 15. Nxe4 Nxe4
16. Rxe4 Nc5 17. Re1 Nd3 18. Rxe6 Rxf2 19. Qg4 Bf6 20. Be3 Rxb2 21. Rf1 {
Benito Mellado,H (1720)-Hernandez Jimenez,A Madrid 2005 1-0 (41)}) 7. Nge2 Nbd7
8. d4 (8. d3 Nc5 9. b4 Ne6 $11) 8... Nb6 (8... O-O 9. O-O $15) 9. b3 Bf5 10.
O-O O-O 11. a4 (11. f3 Qd7 $15) 11... a5 $15 12. Bb2 Bd6 13. Na2 (13. Nf4 Re8
$15) 13... Re8 (13... h5 $17) 14. Qe1 $2 (14. Nf4 $5 $17) 14... Ne4 (14... h5
15. Nac3 $19) 15. Nec3 (15. Nac3 h5 16. Ba3 h4 17. Nxe4 dxe4 (17... Bxe4 $6 18.
Bxd6 Qxd6 19. Bxe4 dxe4 20. gxh4 $11) 18. Bxd6 h3 $17 (18... Qxd6 $6 19. gxh4
Nd5 20. Ng3 $15)) 15... Nxc3 (15... h5 16. Nxe4 dxe4 17. Nc3 $19) 16. Qxc3 (16.
Nxc3 h5 17. h4 Nd7 $17) 16... Qf6 (16... h5 $5 17. h3 $19) 17. Nc1 $4 (17. Qc1
$142 $19) 17... Bb4 0-1

[Event "Boeing Experts"]
[Site "?"]
[Date "1973.12.11"]
[Round "7"]
[White "Bailey, B."]
[Black "Pitt, A."]
[Result "1/2-1/2"]
[WhiteElo "1985"]
[BlackElo "1958"]
[Annotator "Stockfish 13 (15s)"]
[PlyCount "95"]
[EventDate "1973.??.??"]

{C70: Ruy Lopez: 3...a6 4 Ba4, Norwegian and Delayed Schliemann} 1. e4 e5 2.
Nf3 Nc6 3. Bb5 a6 4. Ba4 b5 5. Bb3 Na5 6. d4 Nxb3 7. axb3 Bb7 (7... exd4 8.
Nxd4 Bb7 (8... d6 9. Nxb5 Bb7 10. N5c3 Nf6 11. O-O Be7 12. Re1 O-O 13. Nd5 Nxd5
14. exd5 Bf6 15. Nc3 Bxc3 16. bxc3 Re8 17. c4 Rxe1+ 18. Qxe1 Qe8 19. Bf4 Qxe1+
20. Rxe1 Kf8 21. f3 Re8 22. Rxe8+ Kxe8 23. Kf2 {
Berke,A (2058)-Dvorski,R (1950) Croatia 2005 0-1 (79)}) 9. O-O d5 10. exd5 Qxd5
11. Qe2+ Be7 12. Nf3 Qe4 13. Qxe4 Bxe4 14. Nc3 Bb7 15. Re1 O-O-O 16. Bf4 Bf6
17. Ne5 Bxe5 18. Bxe5 f6 19. Bf4 g5 20. Bg3 Nh6 21. Ne4 Bxe4 22. Rxe4 {
Hickl,J (2500)-Stein,B (2415) Germany 1990 1/2-1/2 (33)}) 8. O-O $146 (8. dxe5
Bxe4 9. O-O h6 10. Re1 Bb7 11. Nc3 Bc5 12. Ne4 Bxe4 13. Rxe4 Ne7 14. b4 Bb6 15.
Ra3 Ng6 16. Rd3 Qe7 17. Re1 Nf8 18. Nd4 Bxd4 19. Rxd4 Ne6 20. Rg4 Rb8 21. c3
Rb6 22. Qd5 Rc6 {Fiser,J-Kabat,E Prague 1966 1/2-1/2 (46)}) (8. dxe5 $142 $5 d5
9. exd5 Qxd5 10. Qxd5 Bxd5 11. Ke2 $16) 8... exd4 $11 9. Qxd4 Qf6 10. Be3 (10.
Qd3 Bd6 $14) 10... Qxd4 $11 11. Bxd4 c5 12. Be5 f6 (12... d6 $5 13. Bg3 Nf6 $11
(13... Bxe4 $143 14. Re1 f5 15. Ng5 $14)) 13. Bg3 Ne7 (13... Bxe4 $143 14. Re1
d5 15. Nfd2 $16) 14. Nbd2 (14. Nc3 d5 15. exd5 Nxd5 16. Rfe1+ Kf7 $14) 14... d5
$11 15. exd5 Nxd5 16. c4 (16. Rfe1+ $5 Kf7 17. Ne4 $11) 16... Nb4 $15 17. Rfe1+
(17. Nb1 Nc2 18. Ra5 b4 $17) 17... Kf7 $17 18. Ne4 $2 (18. Ra5 $142 Nc6 19.
Raa1 $17) 18... Nc2 $19 19. Nd6+ $2 (19. Rad1 Nxe1 20. Rd7+ Kg8 21. Rxb7 $19)
19... Bxd6 20. Bxd6 Nxe1 21. Rxe1 (21. Nxe1 Rhd8 22. Bxc5 Rd2 $19) 21... Rhe8
22. Bxc5 (22. Ra1 Rac8 23. cxb5 axb5 $19) 22... Rxe1+ (22... Bxf3 $142 $5 23.
Rc1 Bc6 24. h4 $19) 23. Nxe1 Rc8 (23... bxc4 24. bxc4 Rc8 25. b4 $19) 24. b4 (
24. Bd4 bxc4 25. b4 Re8 $19) 24... bxc4 (24... Rd8 $142 $5 25. Be3 Rd1 26. Kf1
$19) 25. Bd4 Ke6 (25... Re8 $5 26. Bc3 Be4 27. f3 $19) 26. f3 h5 (26... Bc6 27.
Bc3 $19) 27. Kf2 (27. Bc3 $19) 27... c3 (27... Bc6 $142 $19) 28. bxc3 $17 Kd5
29. Ke2 $2 (29. Nd3 $5 h4 30. g3 $17) 29... Kc4 $19 30. Kd2 (30. h4 g5 31. hxg5
fxg5 $19) 30... Rd8 (30... h4 $142 $5 31. Nc2 h3 32. Ne3+ Kb3 33. gxh3 Bxf3 34.
Nf5 $19) 31. Nc2 Bc6 32. Ne3+ Kb3 33. Nf5 Rd7 34. Ke3 g6 35. Nh4 Re7+ 36. Kd2
$4 (36. Kf2 $142 g5 37. Nf5 $17) 36... Bb5 $19 37. Be3 Rxe3 38. Kxe3 (38. Kxe3
g5 {Combination}) (38. -- $140 Re2+ {Mate threat}) 38... g5 39. Nf5 Kxc3 40.
Ng3 h4 (40... Be8 $142 41. Ne4+ Kxb4 42. Nxf6 Bg6 $11) 41. Ne4+ $11 Kxb4 42.
Kd2 Kb3 43. Kc1 $4 (43. Nxf6 $142 h3 44. gxh3 $11) 43... Bd3 $19 44. Nxf6 Kc4 (
44... a5 45. Nd7 Bf5 46. Nc5+ Kc3 $19) 45. g3 $15 h3 (45... Kb3 $5 46. Kd2 Bg6
47. gxh4 gxh4 $11) 46. f4 $11 gxf4 47. gxf4 Bf5 48. Nh5 1/2-1/2

[Event "UW Open"]
[Site "?"]
[Date "1973.12.01"]
[Round "1"]
[White "Bailey, B."]
[Black "Lamar, B."]
[Result "1-0"]
[WhiteElo "1985"]
[BlackElo "1432"]
[Annotator "Stockfish 13 (15s)"]
[PlyCount "55"]
[EventDate "1973.??.??"]

{C63: Ruy Lopez: Schliemann/Jaenisch Defence} 1. e4 e5 2. Nf3 Nc6 3. Bb5 f5 4.
Bxc6 bxc6 5. Nxe5 Nf6 (5... Qe7 6. d4 d6 7. Nxc6 Qxe4+ 8. Qe2 Qxe2+ 9. Kxe2 Bb7
10. d5 Nf6 11. Nc3 (11. c4 Ba6 12. b3 Nxd5 13. Rd1 Nf6 14. f3 d5 15. Kf2 Bc5+
16. Be3 Bxe3+ 17. Kxe3 dxc4 18. Nc3 cxb3 19. axb3 Bb7 20. Nxa7 c6 21. b4 O-O
22. Kf2 Rfd8 23. Rxd8+ Rxd8 24. Ra2 Rd4 25. b5 cxb5 {
Teran Alvarez,I (2446)-Del Rio Angelis,S (2497) Sevilla 2006 1/2-1/2}) 11...
Kd7 12. Bg5 Nxd5 13. Nxd5 Bxc6 14. Rhd1 Bb5+ 15. Kd2 c6 16. Nc3 Ba6 17. h4 h6
18. Bf4 Rb8 19. Kc1 Rb4 20. g3 {
Landenbergue,C (2450)-Sokolov,I (2625) Garmisch Partenkirchen 1994 1/2-1/2 (43)
}) 6. exf5 Bc5 $146 (6... c5 7. O-O Be7 8. d3 Bb7 9. Nc3 d6 10. Nc4 O-O 11. f3
Qd7 12. Ne3 d5 13. Ng4 Qxf5 14. Ne2 Bd6 15. c3 Rae8 16. Nxf6+ Rxf6 17. Ng3 Bxg3
18. hxg3 Ba6 19. Bf4 Bxd3 20. Re1 Rxe1+ 21. Qxe1 {
Hasan,H-Midjord,J Skopje 1972 1/2-1/2 (64)}) (6... Ba6 7. c4 d6 8. Qf3 $18) 7.
d4 Bb6 8. O-O O-O 9. c3 (9. a4 a5 10. Re1 Re8 $18) 9... Bb7 (9... Kh8 10. Bg5
d6 11. Ng4 (11. Nxc6 $6 Qd7 12. Nb4 Qxf5 13. Bxf6 Rxf6 $14) 11... Bxf5 12. Nxf6
gxf6 13. Bh4 $18) 10. Qb3+ d5 11. Be3 (11. Re1 $142 Qc8 12. a4 $18) 11... Qd6
$2 (11... Nd7 12. f4 Rxf5 $18) 12. Nd2 Rab8 13. Ndf3 (13. Rfe1 c5 $18) 13...
Ne4 $2 (13... Ba6 $142 14. Qc2 Bxf1 15. Rxf1 c5 $18) 14. c4 c5 15. dxc5 Nxc5
16. Qc2 d4 (16... Ne4 17. Bxb6 axb6 18. cxd5 Nf6 $18) 17. Bxd4 Nd7 18. Bxb6 (
18. c5 $142 Nxc5 19. Rad1 $18) 18... cxb6 (18... Nxe5 19. Nxe5 axb6 $18) 19.
Rad1 Qxd1 (19... Qxe5 20. Nxe5 Nxe5 21. Rfe1 $18) 20. Rxd1 Nxe5 (20... Nf6 21.
Nd4 $18) 21. Nxe5 Rbe8 22. f4 Bc8 23. g4 Rd8 24. Rxd8 Rxd8 25. c5 bxc5 (25...
Kf8 26. Qc4 Rd1+ 27. Kf2 Rd2+ 28. Ke3 Rd7 29. cxb6 Re7 30. Qxc8+ Re8 31. b7 g5
32. Qxe8+ Kxe8 33. f6 gxf4+ 34. Kxf4 a6 35. b8=Q#) 26. Qc4+ Rd5 (26... Kh8 27.
Nf7+ Kg8 28. Nh6+ Kh8 29. Qg8+ Rxg8 30. Nf7#) 27. Qxd5+ Be6 (27... Kf8 28. Qd8#
) 28. Qd8# 1-0